000 00970cam a22002651i 4500
003 SA-RiAUC
005 20251013082249.0
008 251010s1984 ua g b 00010 ara c
040 _aSA-AhKFU
_bara
_cSA-RiAUC
_erda
082 0 4 _a953
_qSA-RiAUC
090 _a953
_bط ن ا
100 1 _aالطناحي، محمود محمود
_eمؤلف.
245 1 0 _aمدخل إلى تاريخ نشر التراث العربي /
_cمحمود محمود الطناحي.
250 _aالطبعة الأولى.
264 1 _aالقاهرة :
_bمكتبة الخانجي،
_c1984
300 _a406 صفحة ؛
_c24 سم
336 _aنص
_btxt
_2rdacontent
_3كتاب
337 _aبدون وسيط
_bn
_2rdamedia
338 _aمجلد
_bnc
_2rdacarrier
504 _aببليوجرافية : صفحة 396-406.
650 7 _aالحضارة الإسلامية
_2aucsh
942 _2ddc
_cBOOK
_n0
949 _aSA-JeALM
_d251010
_umohamedma123
_n1
999 _c12508
_d12508